<?xml version="1.0" encoding="UTF-8"?><?xml-stylesheet type="text/xsl" href="static/style.xsl"?><OAI-PMH xmlns="http://www.openarchives.org/OAI/2.0/" xmlns:xsi="http://www.w3.org/2001/XMLSchema-instance" xsi:schemaLocation="http://www.openarchives.org/OAI/2.0/ http://www.openarchives.org/OAI/2.0/OAI-PMH.xsd"><responseDate>2026-04-14T05:55:39Z</responseDate><request verb="GetRecord" identifier="oai:www.recercat.cat:10459.1/468781" metadataPrefix="marc">https://recercat.cat/oai/request</request><GetRecord><record><header><identifier>oai:recercat.cat:10459.1/468781</identifier><datestamp>2025-10-13T18:51:19Z</datestamp><setSpec>com_2072_3622</setSpec><setSpec>col_2072_479130</setSpec></header><metadata><record xmlns="http://www.loc.gov/MARC21/slim" xmlns:dcterms="http://purl.org/dc/terms/" xmlns:xsi="http://www.w3.org/2001/XMLSchema-instance" xmlns:doc="http://www.lyncode.com/xoai" xsi:schemaLocation="http://www.loc.gov/MARC21/slim http://www.loc.gov/standards/marcxml/schema/MARC21slim.xsd">
   <leader>00925njm 22002777a 4500</leader>
   <datafield ind2=" " ind1=" " tag="042">
      <subfield code="a">dc</subfield>
   </datafield>
   <datafield ind2=" " ind1=" " tag="720">
      <subfield code="a">Rodrigues Mimbrero, Marcos</subfield>
      <subfield code="e">author</subfield>
   </datafield>
   <datafield ind2=" " ind1=" " tag="720">
      <subfield code="a">Cunill Camprubí, Àngel</subfield>
      <subfield code="e">author</subfield>
   </datafield>
   <datafield ind2=" " ind1=" " tag="720">
      <subfield code="a">Balaguer-Romano, Rodrigo</subfield>
      <subfield code="e">author</subfield>
   </datafield>
   <datafield ind2=" " ind1=" " tag="720">
      <subfield code="a">Coco Megía, Celso J.</subfield>
      <subfield code="e">author</subfield>
   </datafield>
   <datafield ind2=" " ind1=" " tag="720">
      <subfield code="a">Castañares, Francisco</subfield>
      <subfield code="e">author</subfield>
   </datafield>
   <datafield ind2=" " ind1=" " tag="720">
      <subfield code="a">Ruffault, Julien</subfield>
      <subfield code="e">author</subfield>
   </datafield>
   <datafield ind2=" " ind1=" " tag="720">
      <subfield code="a">Fernandes, Paulo M.</subfield>
      <subfield code="e">author</subfield>
   </datafield>
   <datafield ind2=" " ind1=" " tag="720">
      <subfield code="a">Resco de Dios, Víctor</subfield>
      <subfield code="e">author</subfield>
   </datafield>
   <datafield ind2=" " ind1=" " tag="260">
      <subfield code="c">2022-11-19</subfield>
   </datafield>
   <datafield ind2=" " ind1=" " tag="520">
      <subfield code="a">Wildfire is a common phenomenon in Mediterranean countries but the 2022 fire season has been extreme in southwest Europe (Portugal, Spain and France). Here we provide a preliminary but comprehensive analysis of 2022's wildfire season in southwest Europe. Burned area has exceeded the 2001–2021 median by a factor of 52 in some regions and large wildfires (>500 ha) started to occur in June–July, earlier than the traditional fire season. These anomalies were associated with record-breaking values of fuel dryness, atmospheric water demand and pyrometeorological conditions. Live fuel moisture content was below the historical minima for almost 50 % of the season in some regions. A few large wildfires were responsible for 82 % of the burned area and, in turn, 47 % of the area burned occurred in protected areas. Shrublands, transitional woodlands and conifer forests (but not eucalypt plantations) were the land cover types most affected by extreme fires. As climate change intensifies, we can expect such fire seasons to become the new normal in large parts of the continent, potentially leading to major negative impacts on rural economies. These results highlight the need for landscape level fuel management also in protected areas, to avoid fire-induced biodiversity losses and landscape scale degradation. Our results have important policy implications and indicate that fire prevention should be explicitly addressed within continental forest legislation and strategies.</subfield>
   </datafield>
   <datafield ind2=" " ind1=" " tag="520">
      <subfield code="a">This work was supported by MICINN projects (RTI2018-094691-B-C31, PID2020-116556RA-I00); EU H2020 (grant agreements 101003890 and 101037419); and the Portuguese Foundation for Science and Technology (UIDB/04033/2020).</subfield>
   </datafield>
   <datafield ind1="8" ind2=" " tag="024">
      <subfield code="a">http://hdl.handle.net/10459.1/468781</subfield>
   </datafield>
   <datafield tag="653" ind2=" " ind1=" ">
      <subfield code="a">Burned area</subfield>
   </datafield>
   <datafield tag="653" ind2=" " ind1=" ">
      <subfield code="a">Global warming</subfield>
   </datafield>
   <datafield tag="653" ind2=" " ind1=" ">
      <subfield code="a">Fuel</subfield>
   </datafield>
   <datafield tag="653" ind2=" " ind1=" ">
      <subfield code="a">Protected areas</subfield>
   </datafield>
   <datafield tag="653" ind2=" " ind1=" ">
      <subfield code="a">Wildfire season</subfield>
   </datafield>
   <datafield tag="653" ind2=" " ind1=" ">
      <subfield code="a">Risk management</subfield>
   </datafield>
   <datafield ind2="0" ind1="0" tag="245">
      <subfield code="a">Drivers and implications of the extreme 2022 wildfire season in Southwest Europe</subfield>
   </datafield>
</record></metadata></record></GetRecord></OAI-PMH>